000 01315nam a2200337 i 4500
001 ssj0001614574
003 EG-ScBUE
005 20260406101945.0
008 150824t2016 njua f b 001 0 eng d
020 _z9781118882009
040 _aDLC
_beng
_erda
_cDLC
_dDLC
_dWaSeSS
_dEG-ScBUE
082 0 4 _a729
_222
_bKAR
100 1 _aKarlen, Mark,
_eauthor.
245 1 0 _aSpace planning basics /
_cMark Karlen, Rob Fleming.
250 _aFourth edition.
264 1 _aHoboken, New Jersey :
_bJohn Wiley & Sons, Inc.,
_c[2016]
264 4 _cc2016
300 _axiv, 237 pages :
_billustrations ;
_c28 cm
336 _2rdacontent
_atext
_btxt
337 _2rdamedia
_aunmediated
_bn
338 _2rdacarrier
_avolume
_bnc
504 _aIncludes bibliographical references and index.
506 _aAvailable on campus and off campus with authorized login.
520 _a"Space Planning Basics is the go-to guide for interior designers and space planners and in this extensive revision offers a complete learning solution for anyone in the early stages of their design"--
_cProvided by publisher.
650 7 _aInterior architecture.
_2BUEsh
650 7 _aSpace (Architecture)
_2BUEsh
653 _cApril2026
_bART
655 _vReading book
700 1 _aFleming, Rob
_q(Robert Michael)
_eauthor.
942 _2ddc
_cBB
999 _c31172
_d31143